Представление документа в формате MARC21

ПолеНазваниеЗначение
  Тип записи a
  Библиографический уровень m
001 Контрольный номер RU\infra-m\znanium\bibl\2224070
005 Дата корректировки 20260429142158.0
008 Кодируемые данные 251003s2025 RU g rus u
020 Индекс ISBN __
a ISBN 978-5-16-020652-3
020 Индекс ISBN __
a ISBN 978-5-16-109391-7 (электр. издание)
040 Источник каталогиз. __
a Служба первич. каталог. Общество с ограниченной ответственностью «ЗНАНИУМ»
041 Код языка издания __
a Код языка текста rus
044 Код страны публикации __
a Код страны публикации RU
080 Индекс УДК __
a Индекс УДК 336(075.8)
084 Индекс другой классификации/Индекс ББК __
2 Источник индекса rubbk
a Индекс другой классификации/Индекс ББК 65.261я73
084 Индекс другой классификации/Индекс ББК __
2 Источник индекса okso
a Индекс другой классификации/Индекс ББК 38.04.01
084 Индекс другой классификации/Индекс ББК __
2 Источник индекса okso
a Индекс другой классификации/Индекс ББК 38.04.02
084 Индекс другой классификации/Индекс ББК __
2 Источник индекса okso
a Индекс другой классификации/Индекс ББК 38.04.04
084 Индекс другой классификации/Индекс ББК __
2 Источник индекса okso
a Индекс другой классификации/Индекс ББК 38.04.06
084 Индекс другой классификации/Индекс ББК __
2 Источник индекса okso
a Индекс другой классификации/Индекс ББК 38.04.08
084 Индекс другой классификации/Индекс ББК __
2 Источник индекса okso
a Индекс другой классификации/Индекс ББК 38.05.01
100 Автор __
a Автор Казакова Н.А.
q Полное имя Казакова Наталия Александровна
u Дополнение Российский экономический университет им. Г.В. Плеханова
245 Заглавие __
a Заглавие Финансы и финансовый анализ
b Продолж. заглавия Учебник; Учебник
c Ответственность Российский экономический университет им. Г.В. Плеханова; Национальный исследовательский ядерный университет "МИФИ"; Российский экономический университет им. Г.В. Плеханова
250 Сведения об издании __
a Основные сведения об издании 1
260 Выходные данные __
a Место издания Москва
b Издательство ООО "Научно-издательский центр ИНФРА-М"
c Дата издания 2026
300 Физическое описание __
a Объем 201 с.
440 Серия __
a Серия Высшее образование
520 Аннотация __
a Аннотация В учебнике систематизированы базовые знания в области финансов финансового анализа и финансового менеджмента представленные в их непосредственной взаимосвязи и значимости с позиции оценки диагностики прогнозирования и контроля за непрерывностью деятельности организации. Включает семь глав сгруппированных в три раздела. Первый раздел посвящен теоретическим основам управления финансами организации стейкхолдерам и источникам деятельности организации. Во втором разделе рассматриваются основы финансового анализа обеспечивающие знания основных направлений информационной базы и методов финансового анализа а также позволяющие обоснованно их применять рассчитывать и оценивать аналитические показатели определять влияние процессов глобализации различных макро- и микрофакторов на финансовое состояние организации. Третий раздел содержит основы финансового менеджмента обеспечивающие понимание сущности финансового механизма организации и алгоритмов обоснования решений в области управления финансами. Соответствует федеральным государственным образовательным стандартам высшего образования последнего поколения и обеспечивает формирование базовых компетенций в области финансов финансового менеджмента и финансового анализа. Для студентов бакалавриата специалитета и магистратуры обучающихся по направлению подготовки «Экономика» системы дополнительного профессионального образования учебных центров повышения квалификации аудиторов и других специалистов финансового рынка а также для индивидуальной подготовки претендентов к проведению квалификационной аттестации и сдаче квалификационных экзаменов.
521 Примеч. о цел. назн. __
a Примеч. о целев. назн. ВО - Магистратура
650 Тематические рубрики __
a Основная рубрика Экономика. Бухгалтерский учет. Финансы
x Основная подрубрика Финансы. Денежное обращение. Кредит
655 Указ. предметных рубрик (устаревшее) __
a Жанр/ форма (устаревшее) Учебник
700 Другие авторы __
a Другие авторы Когденко В.Г.
q Полное имя Когденко Вера Геннадьевна
u Дополнение Национальный исследовательский ядерный университет "МИФИ"
700 Другие авторы __
a Другие авторы Мельник М.В.
q Полное имя Мельник Маргарита Викторовна
u Дополнение Финансовый университет при Правительстве Российской Федерации
856 Электронный адрес документа 4_
a Имя сервера/домена znanium.ru
m Помощь ebs_support@infra-m.ru
n Местонахождение сервера НИЦ ИНФРА-М
u URL https://znanium.ru/catalog/document?id=470711
856 Электронный адрес документа 48
a Имя сервера/домена znanium.ru
d Путь /cover/2224
f Электронное имя 2224070.jpg
q Тип электронного формата image/jpeg
u URL https://znanium.ru/cover/2224/2224070.jpg
911 __
u 0030=https://znanium.ru/catalog/document?id=470711
911 __
u 712a=Национальный исследовательский ядерный университет "МИФИ"
911 __
u 712a=Российский экономический университет им. Г.В. Плеханова